Fundamental problems (Record no. 69440)

MARC details
000 -LEADER
fixed length control field 01293cam a2200229 4500
001 - CONTROL NUMBER
control field ABS64997
008 - FIXED-LENGTH DATA ELEMENTS--GENERAL INFORMATION
fixed length control field 020206n2002 000 0 eng u
035 ## - SYSTEM CONTROL NUMBER
System control number (Sirsi) u116618
100 ## - MAIN ENTRY--PERSONAL NAME
Personal name Hamson, L
245 ## - TITLE STATEMENT
Title Fundamental problems
260 ## - PUBLICATION, DISTRIBUTION, ETC.
Date of publication, distribution, etc. 2002
490 ## - SERIES STATEMENT
Series statement Property Week
Volume/sequential designation 67(1) 11 January 2002, 36-39(4)
520 ## - SUMMARY, ETC.
Summary, etc. Examines the problems funds are facing in the light of the recession and terrorist attacks in New York: companies are also looking to clear property assets from their balance sheets through outsourcing while public property companies are looking to go private. Funds are finding it increasingly difficult to meet the asking prices for big investment deals.The problem is in the low rates of rental growth, causing investment companies to miss their target returns; a price correction or a fall in interest rates is required to widen the available opportunities. Investment companies are faced with the choice of either returning investors' money or extending the investment period.
590 ## - LOCAL NOTE (RLIN)
Local note ABS
650 ## - SUBJECT ADDED ENTRY--TOPICAL TERM
Topical term or geographic name entry element RENTAL GROWTH
650 ## - SUBJECT ADDED ENTRY--TOPICAL TERM
Topical term or geographic name entry element INVESTMENT FUNDS
650 ## - SUBJECT ADDED ENTRY--TOPICAL TERM
Topical term or geographic name entry element ECONOMIC ISSUES
650 ## - SUBJECT ADDED ENTRY--TOPICAL TERM
Topical term or geographic name entry element INVESTMENT MARKET
650 ## - SUBJECT ADDED ENTRY--TOPICAL TERM
Topical term or geographic name entry element PROPERTY ASSETS
690 ## - LOCAL SUBJECT ADDED ENTRY--TOPICAL TERM (OCLC, RLIN)
Topical term or geographic name as entry element PROPERTY-COMMERCIAL PROPERTY-COMMERCIAL PROPERTY FINANCE AND INVESTMENT
942 ## - ADDED ENTRY ELEMENTS (KOHA)
Suppress in OPAC 0
Holdings
Withdrawn status Lost status Source of classification or shelving scheme Damaged status Not for loan Home library Current library Shelving location Date acquired Total Checkouts Full call number Barcode Date last seen Copy number Price effective from Koha item type
    Dewey Decimal Classification     London London Journal article 06/02/2002   ABS64997 116618-1001 06/08/2019 1 06/08/2019 Journal article